[Event "CRO-chT (Women) 27th"]
[Site "Biograd"]
[Date "2018.09.12"]
[Round "6.24"]
[White "Tomulic, Vesna"]
[Black "Smetisko, Marija"]
[Result "1/2-1/2"]
[WhiteElo "1837"]
[BlackElo "1900"]
[PlyCount "97"]
[EventDate "2018.09.08"]
[EventType "team-tourn"]
[EventRounds "9"]
[EventCountry "CRO"]
[SourceTitle "CBM 186 Extra"]
[Source "ChessBase"]
[SourceDate "2018.08.24"]
[SourceVersion "1"]
[SourceVersionDate "2018.08.24"]
[SourceQuality "1"]
[WhiteTeam "Ravna Gora Goranka (W)"]
[BlackTeam "Busevec Polet (W)"]
[WhiteTeamCountry "CRO"]
[BlackTeamCountry "CRO"]

1. e4 e5 2. Nf3 Nc6 3. Bc4 Bc5 4. c3 Nf6 5. d4 exd4 6. cxd4 Bb4+ 7. Bd2 Bxd2+ 8. Nbxd2 d5 9. exd5 Nxd5 10. Qb3 Nce7 11. 0-0 0-0 12. Rfe1 c6 13. Ne4 Qb6 14. Qxb6 axb6 15. Nd6 Ra7 16. Nxc8 Rxc8 17. Re2 Kf8 18. Rae1 f6 19. Re4 Rd8 20. Rh4 h6 21. Rhe4 Rd7 22. Nh4 Ra8 23. f4 b5 24. Bb3 f5 25. Re5 Nxf4 26. Nxf5 Nfd5 27. Nxe7 Rxe7 28. Bxd5 Rxe5 29. Rxe5 cxd5 30. Rxd5 Ra5 31. Kf2 Ke7 32. Ke3 b6 33. Kd3 Ke6 34. Re5+ Kd6 35. a3 Kc6 36. Re7 b4 37. axb4 Rg5 38. Re6+ Kd7 39. Rxb6 Rxg2 40. Kc3 Kc7 41. Re6 h5 42. b5 h4 43. Re4 h3 44. Rh4 Rxh2 45. Rh7 Kb6 46. Rxg7 Kxb5 47. Rh7 Rh1 48. Rh5+ Kc6 49. Kc2 1/2-1/2

[Event "CRO-chT (Women) 27th"]
[Site "Biograd"]
[Date "2018.09.10"]
[Round "4.14"]
[White "Tomulic, Vesna"]
[Black "Dejanovic, Tereza"]
[Result "0-1"]
[WhiteElo "1837"]
[BlackElo "1815"]
[PlyCount "66"]
[EventDate "2018.09.08"]
[EventType "team-tourn"]
[EventRounds "9"]
[EventCountry "CRO"]
[SourceTitle "CBM 186 Extra"]
[Source "ChessBase"]
[SourceDate "2018.08.24"]
[SourceVersion "1"]
[SourceVersionDate "2018.08.24"]
[SourceQuality "1"]
[WhiteTeam "Ravna Gora Goranka (W)"]
[BlackTeam "Sisak (W)"]
[WhiteTeamCountry "CRO"]
[BlackTeamCountry "CRO"]

1. e4 c5 2. Nf3 d6 3. d4 cxd4 4. Nxd4 Nf6 5. Nc3 a6 6. Be3 e6 7. Be2 Be7 8. a4 Nc6 9. Nb3 b6 10. f4 Bb7 11. Bf3 Qc7 12. 0-0 0-0 13. g4 Nd7 14. Qe1 Nc5 15. Qf2 g6 16. h4 Qd8 17. g5 h6 18. Rad1 Nd7 19. Nd2 e5 20. Nc4 exf4 21. Bxf4 hxg5 22. Bxd6 gxh4 23. Bg4 Bxd6 24. Nxd6 Nde5 25. Nxf7 Qe7 26. Nh6+ Kg7 27. Qe3 Qc5 28. Qxc5 bxc5 29. Nf5+ gxf5 30. Bxf5 Nd4 31. Rf4 Rf6 32. Kf2 h3 33. Rg1+ Kf7 0-1

[Event "CRO-chT (Women) 26th"]
[Site "Mali Losinj"]
[Date "2017.10.02"]
[Round "6.33"]
[White "Tomulic, Vesna"]
[Black "Roklicer, Heike"]
[Result "0-1"]
[WhiteElo "1829"]
[BlackElo "2044"]
[PlyCount "50"]
[EventDate "2017.09.28"]
[EventType "team-tourn"]
[EventRounds "9"]
[EventCountry "CRO"]
[SourceTitle "EXT 2018"]
[Source "ChessBase"]
[SourceDate "2017.10.13"]
[SourceVersion "1"]
[SourceVersionDate "2017.10.13"]
[SourceQuality "1"]
[WhiteTeam "Ravna Gora Goranka (W)"]
[BlackTeam "Busevec Polet (W)"]
[WhiteTeamCountry "CRO"]
[BlackTeamCountry "CRO"]

1. e4 c6 2. Nc3 d5 3. d4 dxe4 4. Nxe4 Nf6 5. Nxf6+ gxf6 6. Be3 Bf5 7. Nf3 Nd7 8. Bd3 e6 9. c3 Bg6 10. h4 Bh5 11. Be2 Rg8 12. Bf4 Nb6 13. Rg1 Nd5 14. Bg3 Bh6 15. Qc2 Rg7 16. Nh2 Bxe2 17. Qxe2 Qa5 18. Qf3 f5 19. Be5 f6 20. Bd6 0-0-0 21. Ba3 Rdg8 22. Nf1 Rg4 23. Ne3 Bxe3 24. fxe3 Nxc3 25. Kf1 Ne4 0-1

[Event "Rijeka Liburnija op"]
[Site "Rijeka"]
[Date "2014.01.20"]
[Round "5"]
[White "Tomulic, Vesna"]
[Black "Hodanic, Darko"]
[Result "1-0"]
[WhiteElo "1842"]
[BlackElo "1977"]
[PlyCount "62"]
[EventDate "2014.01.17"]
[EventType "swiss"]
[EventRounds "9"]
[EventCountry "CRO"]
[SourceTitle "CBM 158 Extra"]
[Source "ChessBase"]
[SourceDate "2014.02.28"]
[SourceVersion "1"]
[SourceVersionDate "2014.02.28"]
[SourceQuality "1"]

1. e4 d5 2. exd5 c6 3. dxc6 Nxc6 4. Nf3 e5 5. Bb5 Bd6 6. d4 Qa5+ 7. Nc3 Bb4 8. Bxc6+ bxc6 9. Bd2 Bg4 10. dxe5 0-0-0 11. Qe2 f6 12. Qe4 Bxf3 13. gxf3 Kb7 14. Rg1 g6 15. a3 Bf8 16. f4 Bh6 17. 0-0-0 Ne7 18. exf6 Nf5 19. Ne2 Qa6 20. Bc3 Rhe8 21. Qb4+ Qb6 22. Qxb6+ axb6 23. Rxd8 Rxd8 24. Be5 Rd5 25. Kb1 Rd2 26. Ng3 Nd6 27. Nf1 Rd1+ 28. Ka2 Ne4 29. f5 gxf5 30. f7 Rd7 31. Bg7 Bf4 1-0

[Event "Rijeka Liburnija op"]
[Site "Rijeka"]
[Date "2014.01.19"]
[Round "3"]
[White "Tomulic, Vesna"]
[Black "Batory, Drazen"]
[Result "1/2-1/2"]
[WhiteElo "1842"]
[BlackElo "1548"]
[PlyCount "73"]
[EventDate "2014.01.17"]
[EventType "swiss"]
[EventRounds "9"]
[EventCountry "CRO"]
[SourceTitle "CBM 158 Extra"]
[Source "ChessBase"]
[SourceDate "2014.02.28"]
[SourceVersion "1"]
[SourceVersionDate "2014.02.28"]
[SourceQuality "1"]

1. e4 e5 2. Nf3 Nc6 3. Bc4 Bc5 4. c3 Nf6 5. d4 exd4 6. cxd4 Bb4+ 7. Bd2 Bxd2+ 8. Nbxd2 d5 9. exd5 Nxd5 10. Qb3 Na5 11. Qa4+ Nc6 12. Ne5 0-0 13. Nxc6 Qe8+ 14. Kf1 Be6 15. Re1 Nb6 16. Qb4 Bxc4+ 17. Nxc4 Qxc6 18. Ne5 Qd5 19. b3 Rfe8 20. h4 f6 21. Nf3 Rxe1+ 22. Qxe1 Qb5+ 23. Qe2 Qf5 24. g3 Nd5 25. Kg2 Qg4 26. Qc4 c6 27. Re1 g6 28. Nd2 Kg7 29. Kh2 Rd8 30. f3 Qd7 31. Re4 f5 32. Re5 Kf6 33. g4 Nf4 34. g5+ Kg7 35. Qc5 Re8 36. Rxe8 Qxe8 37. Qe5+ 1/2-1/2

[Event "CRO-chT Cup 22nd"]
[Site "Bol"]
[Date "2013.05.25"]
[Round "5.113"]
[White "Tomulic, Vesna"]
[Black "Barcal, Aleksandar"]
[Result "0-1"]
[WhiteElo "1852"]
[BlackElo "2081"]
[PlyCount "30"]
[EventDate "2013.05.22"]
[EventType "team"]
[EventRounds "6"]
[EventCountry "CRO"]
[SourceTitle "CBM 154 Extra"]
[Source "ChessBase"]
[SourceDate "2013.06.25"]
[SourceVersion "2"]
[SourceVersionDate "2013.06.25"]
[SourceQuality "1"]
[WhiteTeam "Ravna Gora Goranka"]
[BlackTeam "Buje"]
[WhiteTeamCountry "CRO"]
[BlackTeamCountry "CRO"]

1. e4 e6 2. d4 d5 3. Nd2 c5 4. exd5 Qxd5 5. dxc5 Bxc5 6. Ngf3 Nf6 7. Bc4 Qh5 8. 0-0 0-0 9. Nb3 Bb6 10. Bf4 Nc6 11. Ne5 Qf5 12. Nxc6 Qxf4 13. Ne7+ Kh8 14. Nxc8 Ng4 15. g3 Bxf2+ 0-1

[Event "CRO-chT Cup 22nd"]
[Site "Bol"]
[Date "2013.05.23"]
[Round "3.113"]
[White "Tomulic, Vesna"]
[Black "Djuric, Petar1111"]
[Result "0-1"]
[WhiteElo "1852"]
[BlackElo "1912"]
[PlyCount "34"]
[EventDate "2013.05.22"]
[EventType "team"]
[EventRounds "6"]
[EventCountry "CRO"]
[SourceTitle "CBM 154 Extra"]
[Source "ChessBase"]
[SourceDate "2013.06.25"]
[SourceVersion "2"]
[SourceVersionDate "2013.06.25"]
[SourceQuality "1"]
[WhiteTeam "Ravna Gora Goranka"]
[BlackTeam "Nova Gradiska"]
[WhiteTeamCountry "CRO"]
[BlackTeamCountry "CRO"]

1. e4 e5 2. Nf3 Nc6 3. Bc4 Bc5 4. d4 exd4 5. Ng5 Nh6 6. Nxf7 Nxf7 7. Bxf7+ Kxf7 8. Qh5+ g6 9. Qxc5 d5 10. exd5 Re8+ 11. Kd1 Re5 12. c4 Qh4 13. Nd2 Bg4+ 14. f3 Bf5 15. g3 Qh3 16. Re1 Rae8 17. Ne4 Qg2 0-1

[Event "CRO-chT Cup 22nd"]
[Site "Bol"]
[Date "2013.05.22"]
[Round "1.103"]
[White "Tomulic, Vesna"]
[Black "Zovko, Mario"]
[Result "0-1"]
[WhiteElo "1852"]
[BlackElo "2294"]
[PlyCount "56"]
[EventDate "2013.05.22"]
[EventType "team"]
[EventRounds "6"]
[EventCountry "CRO"]
[SourceTitle "CBM 154 Extra"]
[Source "ChessBase"]
[SourceDate "2013.06.25"]
[SourceVersion "2"]
[SourceVersionDate "2013.06.25"]
[SourceQuality "1"]
[WhiteTeam "Ravna Gora Goranka"]
[BlackTeam "Vukovar"]
[WhiteTeamCountry "CRO"]
[BlackTeamCountry "CRO"]

1. e4 c6 2. Nf3 d5 3. Nc3 Bg4 4. d4 e6 5. Be2 Bb4 6. e5 c5 7. 0-0 Bxf3 8. Bxf3 Nc6 9. a3 Bxc3 10. bxc3 Nge7 11. Bg4 Qd7 12. f4 cxd4 13. cxd4 g6 14. Qd3 Na5 15. Bd2 Nc4 16. Rab1 Nxd2 17. Qxd2 Rc8 18. Be2 0-0 19. Bd3 Nc6 20. Bb5 Qc7 21. Bxc6 Qxc6 22. Rfc1 b6 23. Qb4 Qc4 24. Kf2 f6 25. Qxc4 Rxc4 26. Rb4 Rxb4 27. axb4 fxe5 28. dxe5 Rxf4+ 0-1

[Event "Rijeka Liburnija op"]
[Site "Rijeka"]
[Date "2012.12.04"]
[Round "6"]
[White "Tomulic, Vesna"]
[Black "Brenc, Tomislav"]
[Result "0-1"]
[WhiteElo "1866"]
[BlackElo "2045"]
[PlyCount "48"]
[EventDate "2012.11.30"]
[EventType "swiss"]
[EventRounds "9"]
[EventCountry "CRO"]
[SourceTitle "CBM 151 Extra"]
[Source "ChessBase"]
[SourceDate "2012.12.18"]
[SourceVersion "1"]
[SourceVersionDate "2012.12.18"]
[SourceQuality "1"]

1. e4 c5 2. Nf3 Nc6 3. d4 cxd4 4. Nxd4 d6 5. Nc3 a6 6. a4 Bd7 7. a5 e6 8. Nb3 Nf6 9. Be3 Be7 10. Be2 0-0 11. 0-0 Qb8 12. f4 Bd8 13. Bf3 e5 14. f5 b6 15. g4 Nxa5 16. g5 Nc4 17. Bf2 Ne8 18. Qe2 b5 19. h4 f6 20. g6 h6 21. Nd5 Nc7 22. Nd2 Nxd5 23. exd5 Nxd2 24. Qxd2 Bxf5 0-1

[Event "Rijeka Liburnija op"]
[Site "Rijeka"]
[Date "2012.12.01"]
[Round "2"]
[White "Tomulic, Vesna"]
[Black "Plenca, Jadranko"]
[Result "1/2-1/2"]
[WhiteElo "1866"]
[BlackElo "2072"]
[PlyCount "49"]
[EventDate "2012.11.30"]
[EventType "swiss"]
[EventRounds "9"]
[EventCountry "CRO"]
[SourceTitle "CBM 151 Extra"]
[Source "ChessBase"]
[SourceDate "2012.12.18"]
[SourceVersion "1"]
[SourceVersionDate "2012.12.18"]
[SourceQuality "1"]

1. e4 e5 2. Nf3 Nc6 3. Bb5 a6 4. Ba4 d6 5. c3 Bd7 6. d4 g6 7. Bg5 f6 8. Be3 Nh6 9. h3 Nf7 10. Bb3 Qe7 11. Nbd2 Bg7 12. d5 Nb8 13. Nc4 f5 14. Bc2 0-0 15. Qe2 b5 16. Na5 f4 17. Bd2 c5 18. c4 Qd8 19. b4 Qb6 20. Rb1 Rc8 21. Bd3 cxb4 22. Bxb4 bxc4 23. Nxc4 Rxc4 24. Bd2 Qxb1+ 25. Bxb1 1/2-1/2

[Event "CRO-chT (Women) 21st"]
[Site "Sibenik"]
[Date "2012.09.30"]
[Round "9.1"]
[White "Saric, Zrinka"]
[Black "Tomulic, Vesna"]
[Result "1/2-1/2"]
[WhiteElo "2128"]
[BlackElo "1865"]
[PlyCount "37"]
[EventDate "2012.09.23"]
[EventType "team-tourn"]
[EventRounds "9"]
[EventCountry "CRO"]
[SourceTitle "CBM 150 Extra"]
[Source "ChessBase"]
[SourceDate "2012.10.19"]
[SourceVersion "1"]
[SourceVersionDate "2012.10.19"]
[SourceQuality "1"]
[WhiteTeam "Rijeka Liburnija (W)"]
[BlackTeam "Ravna Gora Goranka (W)"]
[WhiteTeamCountry "CRO"]
[BlackTeamCountry "CRO"]

1. e4 c5 2. Nf3 e6 3. d4 cxd4 4. Nxd4 a6 5. Bd3 Nc6 6. Nxc6 bxc6 7. c4 d5 8. Nc3 d4 9. Ne2 Bb4+ 10. Bd2 Bxd2+ 11. Qxd2 c5 12. 0-0 e5 13. f4 Qe7 14. fxe5 Qxe5 15. Nf4 Nf6 16. Nd5 Ng4 17. Qf4 0-0 18. b3 Qxf4 19. Nxf4 1/2-1/2

[Event "Rijeka Paris Memorial op"]
[Site "Rijeka"]
[Date "2011.10.28"]
[Round "9"]
[White "Batory, Lucija"]
[Black "Tomulic, Vesna"]
[Result "1/2-1/2"]
[WhiteElo "1588"]
[BlackElo "1926"]
[PlyCount "45"]
[EventDate "2011.10.17"]
[EventType "swiss"]
[EventRounds "9"]
[EventCountry "CRO"]
[SourceTitle "EXT 2013"]
[Source "ChessBase"]
[SourceDate "2012.11.22"]
[SourceVersion "1"]
[SourceVersionDate "2012.11.22"]
[SourceQuality "1"]

1. e4 c5 2. Nf3 Nc6 3. d4 cxd4 4. Nxd4 Nf6 5. Nc3 a6 6. Be3 e6 7. Be2 Bb4 8. Nxc6 bxc6 9. Qd4 Qa5 10. Bf3 e5 11. Qc4 Bb7 12. 0-0 d5 13. exd5 cxd5 14. Qb3 0-0 15. Ne2 Bc6 16. c3 Bc5 17. Bxc5 Qxc5 18. Ng3 Rab8 19. Qc2 e4 20. Be2 d4 21. Qd2 d3 22. Bd1 Qb5 23. b3 1/2-1/2

[Event "Rijeka Paris Memorial op"]
[Site "Rijeka"]
[Date "2011.10.19"]
[Round "3"]
[White "Plenca, Jadranko"]
[Black "Tomulic, Vesna"]
[Result "1-0"]
[WhiteElo "1931"]
[BlackElo "1926"]
[PlyCount "65"]
[EventDate "2011.10.17"]
[EventType "swiss"]
[EventRounds "9"]
[EventCountry "CRO"]
[SourceTitle "EXT 2013"]
[Source "ChessBase"]
[SourceDate "2012.11.22"]
[SourceVersion "1"]
[SourceVersionDate "2012.11.22"]
[SourceQuality "1"]

1. e4 c5 2. Nf3 Nc6 3. c3 d5 4. exd5 Qxd5 5. d4 Bg4 6. Be2 cxd4 7. cxd4 e6 8. Nc3 Qa5 9. 0-0 Nf6 10. Qb3 Qb4 11. Bb5 Bxf3 12. Qxb4 Bxb4 13. gxf3 0-0-0 14. Bxc6 bxc6 15. Be3 Nd5 16. Rfc1 Nxc3 17. bxc3 Bd6 18. Rab1 Kc7 19. c4 c5 20. dxc5 Be5 21. Rb5 Kc6 22. Rcb1 Rb8 23. a4 Rhd8 24. a5 Bc7 25. a6 g6 26. Bg5 Rf8 27. Bf6 Rfe8 28. Rb7 Rxb7 29. Rxb7 Rb8 30. Rxa7 Rb4 31. Ra8 Rxc4 32. Rc8 Rxc5 33. a7 1-0

[Event "CRO-chT (Women) 20th"]
[Site "Sibenik"]
[Date "2011.10.07"]
[Round "5.3"]
[White "Tomulic, Vesna"]
[Black "Popovic, Bojana"]
[Result "1/2-1/2"]
[WhiteElo "1926"]
[BlackElo "1816"]
[PlyCount "68"]
[EventDate "2011.10.04"]
[EventType "team-tourn"]
[EventRounds "7"]
[EventCountry "CRO"]
[SourceTitle "CBM 144 Extra"]
[Source "ChessBase"]
[SourceDate "2011.10.28"]
[SourceVersion "1"]
[SourceVersionDate "2011.10.28"]
[SourceQuality "1"]
[WhiteTeam "Ravna Gora Goranka (W)"]
[BlackTeam "Zrinski Topolovac (W)"]
[WhiteTeamCountry "CRO"]
[BlackTeamCountry "CRO"]

1. e4 c5 2. Nf3 Nc6 3. d4 cxd4 4. Nxd4 Nf6 5. Nc3 a6 6. Nxc6 bxc6 7. e5 Ng8 8. Bd3 g6 9. Qf3 Bg7 10. Bc4 e6 11. Bf4 f6 12. exf6 Nxf6 13. Bd6 Bf8 14. Be5 Bg7 15. Rd1 d5 16. 0-0 0-0 17. Qe2 Ra7 18. Bd4 Ra8 19. Bd3 Rf7 20. Na4 Nh5 21. Bxg7 Kxg7 22. Qe5+ Kg8 23. g3 Qa5 24. Nc3 Qb4 25. Ne2 c5 26. a3 Qb6 27. c4 Bb7 28. Rd2 Qc6 29. Nc3 Nf6 30. Re1 Re8 31. f3 Nd7 32. Qe2 Nf6 33. Qe5 Nd7 34. Qe2 Nf6 1/2-1/2

[Event "CRO-chT3 West"]
[Site "Croatia"]
[Date "2011.03.13"]
[Round "3.25"]
[White "Tomulic, Vesna"]
[Black "Fattorich, Igor"]
[Result "0-1"]
[WhiteElo "1944"]
[BlackElo "2092"]
[PlyCount "138"]
[EventDate "2011.03.12"]
[EventType "team-tourn"]
[EventRounds "9"]
[EventCountry "CRO"]
[SourceTitle "EXT 2014"]
[Source "ChessBase"]
[SourceDate "2013.11.20"]
[SourceVersion "1"]
[SourceVersionDate "2013.11.20"]
[SourceQuality "1"]

1. e4 g6 2. d4 Bg7 3. Nf3 d6 4. Bd3 Nc6 5. c3 e5 6. d5 Nce7 7. 0-0 Nf6 8. Nbd2 0-0 9. Nb3 Kh8 10. c4 Nfg8 11. Re1 f5 12. Qe2 Nf6 13. Nbd2 Qe8 14. Nh4 Nh5 15. Ndf3 h6 16. Bc2 f4 17. b3 g5 18. Nf5 Nxf5 19. exf5 Bf6 20. g4 fxg3 21. fxg3 e4 22. Rb1 Bxf5 23. Bxe4 Bg4 24. Bb2 Qf7 25. Rf1 Rae8 26. Qc2 Kg7 27. Nd4 Bh3 28. Nf5+ Kh8 29. Nxh6 Qe7 30. Bg2 Bd7 31. Qg6 Bxb2 32. Nf7+ Rxf7 33. Rxf7 Qe3+ 34. Kh1 Ng7 35. Rxb2 Qc1+ 36. Bf1 Qxb2 37. Rxd7 Qa1 38. Kg2 Qb2+ 39. Kh3 g4+ 40. Kxg4 Qe5 41. Bd3 Kg8 42. Kh4 Re7 43. Qh7+ Kf7 44. Qg6+ Kf8 45. Rd8+ Re8 46. Rxe8+ Nxe8 47. Qf5+ Nf6 48. Qxe5 dxe5 49. Kg5 e4 50. Be2 Kg7 51. h4 a5 52. h5 Nd7 53. Kf5 Nc5 54. g4 Kh6 55. g5+ Kg7 56. h6+ Kh7 57. Kf6 Nd3 58. g6+ Kxh6 59. g7 Kh7 60. Kf7 Ne5+ 61. Kf8 Ng6+ 62. Kf7 Ne5+ 63. Ke6 Ng6 64. Kd7 Nf4 65. Bg4 Kxg7 66. Kxc7 Kf6 67. d6 Kg5 68. d7 Kxg4 69. d8Q Ne6+ 0-1

[Event "Rijeka Paris Memorial op"]
[Site "Rijeka"]
[Date "2010.12.11"]
[Round "2"]
[White "Tomulic, Vesna"]
[Black "Jokic, Miljenko"]
[Result "1-0"]
[WhiteElo "1913"]
[BlackElo "1936"]
[PlyCount "71"]
[EventDate "2010.12.10"]
[EventType "swiss"]
[EventRounds "9"]
[EventCountry "CRO"]
[SourceTitle "CBM 140 Extra"]
[Source "ChessBase"]
[SourceDate "2011.03.01"]
[SourceVersion "1"]
[SourceVersionDate "2011.03.01"]
[SourceQuality "1"]

1. e4 e5 2. Nf3 Nc6 3. Bc4 Nf6 4. Ng5 d5 5. exd5 Na5 6. Bb5+ c6 7. dxc6 bxc6 8. Qf3 h6 9. Ne4 Nd5 10. Be2 Be7 11. d3 0-0 12. Qg3 Kh7 13. Qxe5 f5 14. Nec3 Nb4 15. Na3 Bd6 16. Qe3 c5 17. 0-0 Bb7 18. Qd2 Qh4 19. f4 Rae8 20. Qe1 Qf6 21. Qf2 Qe7 22. Bd2 c4 23. d4 Nd5 24. Rae1 Qd8 25. Nxc4 Nxc3 26. Bxc3 Nxc4 27. Bxc4 Qc7 28. Rxe8 Rxe8 29. Bd3 Be4 30. Bxe4 Rxe4 31. g3 g5 32. fxg5 f4 33. gxh6 fxg3 34. Qf5+ Kxh6 35. Qxe4 gxh2+ 36. Kh1 1-0

[Event "CRO-chT3 West"]
[Site "Croatia"]
[Date "2010.10.24"]
[Round "9.32"]
[White "Kovacic, Dragutin"]
[Black "Tomulic, Vesna"]
[Result "1/2-1/2"]
[WhiteElo "1996"]
[BlackElo "1930"]
[PlyCount "58"]
[EventDate "2010.03.27"]
[EventType "team-tourn"]
[EventRounds "9"]
[EventCountry "CRO"]
[SourceTitle "EXT 2012"]
[Source "ChessBase"]
[SourceDate "2011.11.24"]
[SourceVersion "1"]
[SourceVersionDate "2011.11.24"]
[SourceQuality "1"]

1. d4 c5 2. Nf3 e6 3. e4 cxd4 4. Nxd4 a6 5. Bd3 Nc6 6. Nxc6 dxc6 7. Be3 Nf6 8. 0-0 Bd6 9. f4 e5 10. f5 0-0 11. Kh1 b5 12. g4 h6 13. Rg1 Bb7 14. g5 hxg5 15. Bxg5 c5 16. Bxf6 Qxf6 17. Qg4 c4 18. Be2 Rad8 19. Nc3 Bc5 20. Rg3 Rd2 21. Rc1 Rfd8 22. Rd1 Rxd1+ 23. Nxd1 Rd2 24. c3 Qh6 25. h4 Kf8 26. Bf3 a5 27. Rg2 Be7 28. h5 Rxg2 29. Qxg2 Bxe4 1/2-1/2

[Event "CRO-chT3 West"]
[Site "Croatia"]
[Date "2010.10.23"]
[Round "7.21"]
[White "Baljak, Jadranko"]
[Black "Tomulic, Vesna"]
[Result "1/2-1/2"]
[WhiteElo "1915"]
[BlackElo "1930"]
[PlyCount "67"]
[EventDate "2010.03.27"]
[EventType "team-tourn"]
[EventRounds "9"]
[EventCountry "CRO"]
[SourceTitle "EXT 2012"]
[Source "ChessBase"]
[SourceDate "2011.11.24"]
[SourceVersion "1"]
[SourceVersionDate "2011.11.24"]
[SourceQuality "1"]

1. d4 d5 2. c4 e6 3. Nf3 Nf6 4. g3 Nbd7 5. Qc2 dxc4 6. Qxc4 c5 7. e3 Nb6 8. Qe2 cxd4 9. exd4 Be7 10. Bg2 0-0 11. 0-0 Nbd5 12. Nc3 Re8 13. Ne5 b6 14. Nc6 Qd6 15. Nxe7+ Qxe7 16. Bg5 Bb7 17. Rfe1 Nxc3 18. bxc3 Bxg2 19. Kxg2 h6 20. Bxf6 Qxf6 21. Rac1 Rac8 22. Qd3 Red8 23. Red1 Qg5 24. c4 Qa5 25. Qb3 Rc7 26. Rc2 Rdc8 27. Rdc1 Rd7 28. Rd1 e5 29. d5 Qc5 30. Qe3 b5 31. Qxe5 bxc4 32. Qd4 Kf8 33. Qxc5+ Rxc5 34. Rd4 1/2-1/2

[Event "CRO-chT (Women)"]
[Site "Sibenik"]
[Date "2010.09.10"]
[Round "7"]
[White "Tomulic, Vesna"]
[Black "Ascic, Iva"]
[Result "1/2-1/2"]
[WhiteElo "1913"]
[BlackElo "2007"]
[PlyCount "23"]
[EventDate "2010.09.04"]
[EventType "team-tourn"]
[EventRounds "9"]
[EventCountry "CRO"]
[SourceTitle "CBM 138 Extra"]
[Source "ChessBase"]
[SourceDate "2010.10.29"]
[SourceVersion "1"]
[SourceVersionDate "2010.10.29"]
[SourceQuality "1"]

1. e4 c5 2. Nf3 e6 3. c3 d5 4. exd5 exd5 5. d4 Nf6 6. Be2 Be7 7. 0-0 0-0 8. Nbd2 Nc6 9. dxc5 Bxc5 10. Nb3 Bd6 11. Bg5 Re8 12. Re1 1/2-1/2

[Event "EU-ch (Women) 11th"]
[Site "Rijeka"]
[Date "2010.03.08"]
[Round "3"]
[White "Tomulic, Vesna"]
[Black "Schut, Lisa"]
[Result "0-1"]
[WhiteElo "1930"]
[BlackElo "2224"]
[PlyCount "48"]
[EventDate "2010.03.06"]
[EventType "swiss"]
[EventRounds "11"]
[EventCountry "CRO"]
[SourceTitle "CBM 135 Extra"]
[Source "ChessBase"]
[SourceDate "2010.05.04"]
[SourceVersion "1"]
[SourceVersionDate "2010.05.04"]
[SourceQuality "1"]

1. e4 c5 2. Nf3 d6 3. d4 cxd4 4. Nxd4 Nf6 5. Nc3 a6 6. a4 Nc6 7. Be3 e5 8. Nb3 Be6 9. Nd5 Bxd5 10. exd5 Ne7 11. c4 g6 12. Be2 Nf5 13. Bg5 Bg7 14. Bd3 Qd7 15. Qf3 0-0 16. g4 e4 17. Qf4 exd3 18. gxf5 Rae8+ 19. Kd1 Re4 20. Qf3 Rxc4 21. Qxd3 Rxa4 22. Re1 Rxa1+ 23. Nxa1 Qa4+ 24. Nc2 Qg4+ 0-1